| 000 | 00378nam a22001457a 4500 | ||
|---|---|---|---|
| 003 | MACL, | ||
| 005 | 20191205165249.0 | ||
| 008 | 191205b xxu||||| |||| 00| 0 eng d | ||
| 040 | _c MACL, | ||
| 100 |
_aNandi, Ramendra Nath _977464 |
||
| 245 | _aThe Rgveda In its Historical Setting | ||
| 260 |
_aDelhi _bPrimus Books _c2018 |
||
| 650 |
_aReligion _977465 |
||
| 942 |
_2ddc _cBK |
||
| 999 |
_c61524 _d61524 |
||